The brainsmart leader

Bibliographic Details
Main Author: Buzan, Tony
Other Authors: Dottino, Tony, Israel, Richard, , 1942-
Format: Book
Published: Singapore Kuala Lumpur : Horizon Books , 1999
Subjects:

MARC

LEADER 00000cam a2200000 7i4500
001 0000003508
005 20060405.0
020 0 0 |a 9810519494 
090 0 0 |a 658.4092   |b BUZ 
100 1 0 |a Buzan, Tony. 
245 1 0 |a The brainsmart leader   |c Tony Buzan, Tony Dottino and Richard Israel. 
260 0 0 |a Singapore   |a Kuala Lumpur :   |b Horizon Books ,   |c 1999 
300 |a xvi, 208 p. :   |b ill. ;   |c 25cm. 
650 0 0 |a Knowledge management. 
650 0 0 |a Leadership. 
650 0 0 |a Organizational change 
650 0 0 |a Teams in the workplace 
700 1 1 |a Dottino, Tony. 
700 1 1 |a Israel, Richard, ,   |d 1942- 
999 |a 0000006872   |b Monograph   |c Open Shelf   |e Default branch